|
|
|
|
| LEADER |
00000nab a2200000 a 4500 |
| 001 |
vtls009093114 |
| 003 |
SK-MaSNL |
| 005 |
20260318122336.0 |
| 008 |
070910c2007 xo wr p 000 c0ukr |
| 015 |
|
|
|a SNBRB2007/09
|
| 038 |
|
|
|a SVKPOCL
|
| 040 |
|
|
|a SVKPO
|b slo
|c SVKPO
|e AACR2
|
| 041 |
0 |
|
|a ukr
|
| 044 |
|
|
|a xo
|c SK
|
| 080 |
|
|
|a 82:929:821.161.2 (437.6)(048)
|2 2001
|
| 080 |
|
|
|a 821.161.2 (437.6):929
|2 2001
|
| 080 |
|
|
|a 929 Macinský, Ivan
|2 2001
|
| 100 |
1 |
|
|a Bača, Juraj,
|d 1932-2021
|4 aut
|4 rev
|9 207872
|
| 245 |
1 |
0 |
|a Čas i pam`jat' - važlyvi faktory žyttja
|b z pryvodu knyhy na pošanu Ivana Macyns'koho
|c Jurij Bača
|
| 300 |
|
|
|b Fotogr.
|
| 500 |
|
|
|a Milan Bobák je zostavovateľom recenzovanej publikácie
|
| 600 |
1 |
7 |
|a Macinský, Ivan,
|d 1922-1987
|2 svkpocl
|9 182724
|
| 650 |
0 |
7 |
|a ukrajinská literatúra na Slovensku
|2 svkpocl
|9 404282
|
| 650 |
0 |
7 |
|a ukrajinskí spisovatelia
|2 svkpocl
|9 66678
|
| 651 |
|
7 |
|a Medzilaborce (Slovensko)
|2 svkpocl
|9 22171
|
| 651 |
|
7 |
|a Prešov (Slovensko)
|2 svkpocl
|9 17347
|
| 655 |
|
7 |
|a biografie
|2 svkpocl
|9 27965
|
| 655 |
|
7 |
|a recenzie
|2 svkpocl
|9 21907
|
| 773 |
0 |
|
|t Nove žyttja
|g Roč. 57, č. 25-26 (2007), s. 6
|
| 787 |
0 |
8 |
|i Rec.:
|a Bobák, Milan, 1944-
|t Čas i pam`jat'
|d Prjašiv : Sojuz rusyniv-ukrajinciv Slovac'koji Respubliky, 2007
|z 9788085137200
|
| 852 |
|
|
|a SVKPO
|b KIS3GCP
|
| 958 |
|
|
|a UK
|
| 958 |
|
|
|a SK
|
| 958 |
|
|
|a RN
|
| 958 |
|
|
|a LX
|
| 958 |
|
|
|a BX
|
| 958 |
|
|
|a RC
|
| 999 |
|
|
|c 3032425
|d 3034355
|